Youngest Countries in the World - Statistics

General Stats
  • This quiz has been taken 138 times
  • The average score is 7 of 10
Answer Stats
Country Year % Correct
South Sudan 2011
97%
Kosovo 2008
91%
Montenegro 2006
84%
Serbia 2006
79%
Croatia 1995
64%
Slovakia 1993
61%
Czechia 1993
57%
East Timor 2002
57%
Eritrea 1993
37%
Palau 1994
36%
No matching quizzes found
Score Distribution
Percent of People with Each Score
Percentile by Number Answered
Your Score History
You have not taken this quiz